000 00822nam a22002057a 4500
999 _c17966
_d17966
003 AR-CdUCM
008 190510b ||||| |||| 00| 0 spa d
040 _aMUNICIPALIDAD PROVINCIAL DEL CUSCO
_cBIBLIOTECA MUNICIPAL DEL CUSCO
082 _25ed.
_a728 /
_bN56
100 _aNieto, J. J.
_938256
245 _aComo se construye una casa :
_bguía practica del albañil contratista /
260 _aBarcelona :
_bSintes,
_c1971.
300 _a320 páginas ;
_bIlustraciones,
_c22 cm.
505 _aContenido: La casa -- Adopción del tipo de vivienda -- Determinación de rentas y alquileres -- Presupuesto de construcción -- Movimiento de tierras -- Cimentaciones...
650 _aConstrucción
_94996
650 _aInfraestructura
_938257
650 _aVivienda
_911844
942 _2ddc
_cLIBROS
945 _aacv
_d2019-05-10